<?xml version="1.0" encoding="UTF-8"?>
<record
    xmlns:xsi="http://www.w3.org/2001/XMLSchema-instance"
    xsi:schemaLocation="http://www.loc.gov/MARC21/slim http://www.loc.gov/standards/marcxml/schema/MARC21slim.xsd"
    xmlns="http://www.loc.gov/MARC21/slim">

  <leader>00699nam a22001337a 4500</leader>
  <controlfield tag="008">150529b        xxu||||| |||| 00| 0 eng d</controlfield>
  <datafield tag="082" ind1=" " ind2=" ">
    <subfield code="a">779.092</subfield>
    <subfield code="b">B 443a</subfield>
  </datafield>
  <datafield tag="100" ind1=" " ind2=" ">
    <subfield code="a">Patricia, Belli (curadora)</subfield>
    <subfield code="9">2883</subfield>
  </datafield>
  <datafield tag="245" ind1=" " ind2=" ">
    <subfield code="a">Actos de vision</subfield>
    <subfield code="c"> Alvarez, Maria Jose, Gonzalez,Celeste  Gordillo, Claudia, Villalobos,Patricia </subfield>
  </datafield>
  <datafield tag="260" ind1=" " ind2=" ">
    <subfield code="a">Nicaragua</subfield>
  </datafield>
  <datafield tag="300" ind1=" " ind2=" ">
    <subfield code="a">14 p.</subfield>
    <subfield code="b">ill </subfield>
    <subfield code="c">20x21 cm</subfield>
  </datafield>
  <datafield tag="650" ind1=" " ind2=" ">
    <subfield code="x">Fotografia</subfield>
    <subfield code="x">Fotografia-mujer-nicaraguense</subfield>
    <subfield code="x">Multiculturalismo</subfield>
    <subfield code="x">Discriminacion</subfield>
    <subfield code="x">Feminismo</subfield>
    <subfield code="x">Alvarez, Maria Jose-exhibicion</subfield>
    <subfield code="x">Gordillo, Claudia-exhibicion</subfield>
    <subfield code="x">Gonzalez, Celeste-exhibicion</subfield>
    <subfield code="x">Villalobos, Patricia-exhibicion</subfield>
    <subfield code="9">2884</subfield>
  </datafield>
  <datafield tag="700" ind1=" " ind2=" ">
    <subfield code="a"> Alvarez, Maria Jose, Gonzalez,Celeste  Gordillo, Claudia, Villalobos,Patricia </subfield>
    <subfield code="9">2885</subfield>
  </datafield>
  <datafield tag="999" ind1=" " ind2=" ">
    <subfield code="c">643</subfield>
    <subfield code="d">643</subfield>
  </datafield>
  <datafield tag="952" ind1=" " ind2=" ">
    <subfield code="0">0</subfield>
    <subfield code="1">0</subfield>
    <subfield code="2">ddc</subfield>
    <subfield code="4">0</subfield>
    <subfield code="7">0</subfield>
    <subfield code="a">LV</subfield>
    <subfield code="b">LV</subfield>
    <subfield code="c">Colectivas</subfield>
    <subfield code="d">2015-05-29</subfield>
    <subfield code="l">0</subfield>
    <subfield code="o">779.092 B 443a</subfield>
    <subfield code="p">001217</subfield>
    <subfield code="r">2015-05-29 00:00:00</subfield>
    <subfield code="w">2015-05-29</subfield>
    <subfield code="y">01</subfield>
  </datafield>
</record>
